| 000 | 00475nam a2200205Ia 4500 | ||
|---|---|---|---|
| 005 | 20250425162809.0 | ||
| 008 | 250425s9999 xx 000 0 und d | ||
| 041 | _aspa | ||
| 043 | _amx | ||
| 082 | _a660.03 | ||
| 100 | _aKIRK, RAYMOND E. | ||
| 245 | 0 | _aENCICLOPEDIA DE TECNOLOGIA QUIMICA (TOMO 7) | |
| 250 | _a1A ED. | ||
| 260 | _aMEXICO | ||
| 260 |
_aMéxico _bUTEHA _c1962 |
||
| 300 | _a1013 | ||
| 650 | _aQUIMICA INDUSTRIAL | ||
| 942 | _c01 | ||
| 010 | _a109021 | ||
| 999 |
_c236627 _d236627 |
||